1532 1712 1848 1547 1411 1073 1583 1363 1616 1252 1379 1565 1535 1946 1396 1511 1002 1571 1953 1188 1522 1152 1068 1411 1878 1543 1313 1357 1307 1387 1187 1631 1121 1039 1320 1438 1488 1949 1104 1241 1022 1239 1891 1183 1899 1902 1468 1275 1735 1663 1542 1898 1691 1587 1204 1777 1611 1563 1612 1700 1317 1597 1134 1375 1186 1925 1138 1758 1668 1624 1172 1099 1417 1285 1410 1540 1587 1512 1008 1590 1925 1923 1336 1893 1025 1876 1917 1982 1639 1363 1253 1776 1039 1560 1174 1242 1664 1163 1845 BCNSPRNW ULIB Ver.6.0+V

เปลี่ยนเป็นภาษาไทย

Change to English
 แสดงรายละเอียดบรรณานุกรม
  กลับหน้าหลัก

Brief Record : Get Marc (ISO 2709) : E-mail record : QR code < ปิดหน้าต่าง
LEADER : 00000nam 2200000uu 4500
001    13399123839
003     ULIB
008    141202s2556||||th 000 0 tha d
020    ^a9786167287911
050  4 ^aPE1127.M4^bอ756ภ
100 0  ^aอิศรางค์ นุชประยูร
245 10 ^aภาษาหมอ พูดอย่างไรฝรั่งจึงจะฟังรู้เรื่อง /^cอิศรางค์ นุชประยูร ; บรรณาธิการ, ชิษณุ พันธุ์เจริญ
260    ^aกรุงเทพฯ :^bศูนย์ฝึกอบรมทักษะการสื่อสาร ฝ่ายกุมารเวชศาสตร์ โรงพยาบาลจุฬาลงกรณ์,^c2556
300    ^a152 หน้า ;^c19 ซม.
650  4 ^aภาษาอังกฤษ^xการใช้ภาษา
650  4 ^aภาษาอังกฤษ^xการอ่าน
650  4 ^aภาษาอังกฤษ^xการออกเสียง
650  4 ^aภาษาอังกฤษ^xคำศัพท์
650  4 ^aการแพทย์^xคำศัพท์
650  4 ^aการสื่อสารทางการแพทย์
700 0  ^aชิษณุ พันธุ์เจริญ,^eบรรณาธิการ
710 2  ^aโรงพยาบาลจุฬาลงกรณ์. ^bฝ่ายกุมารเวชศาสตร์. ^bศูนย์ฝึกอบรมทักษะการสื่อสาร
945    ^p160^l0^i22343
945    ^p160^l0^i22344
945    ^p160^l0^i22345
945    ^p160^l0^i22346
945    ^p160^l0^i22347
945    ^p160^l0^i22348
945    ^p160^l0^i22349
999    ^aทศพร เกษรทอง
รายการนี้ยังไม่มีแท็ก
คุณยังไม่ได้ล็อกอิน คุณสามารถมีกิจกรรมร่วมกับเว็บไซต์ได้ แต่ต้องล็อกอินก่อน ::
  ล็อกอิน

รายการสื่อสารสนเทศ

ลำดับที่ ประเภท เลขเรียก/บาร์โค้ด สถานที่ สถานะ
1. การศึกษาทั่วไป
หนังสือสำรอง
สถานะ=หนังสือสำรอง
PE1127.M4 อ756ภ ฉ.1 
  Barcode: 22343
ห้องสมุดวิทยาเขตนครสวรรค์
►หนังสือทั่วไป:l:General Books
บนชั้น
2. การศึกษาทั่วไป
การศึกษาทั่วไป
PE1127.M4 อ756ภ ฉ.2 
  Barcode: 22344
ห้องสมุดวิทยาเขตนครสวรรค์
►หนังสือทั่วไป:l:General Books
บนชั้น
3. การศึกษาทั่วไป
การศึกษาทั่วไป
PE1127.M4 อ756ภ ฉ.3 
  Barcode: 22345
ห้องสมุดวิทยาเขตนครสวรรค์
►หนังสือทั่วไป:l:General Books
บนชั้น
4. การศึกษาทั่วไป
การศึกษาทั่วไป
PE1127.M4 อ756ภ ฉ.4 
  Barcode: 22346
ห้องสมุดวิทยาเขตนครสวรรค์
►หนังสือทั่วไป:l:General Books
บนชั้น
5. การศึกษาทั่วไป
การศึกษาทั่วไป
PE1127.M4 อ756ภ ฉ.5 
  Barcode: 22347
ห้องสมุดวิทยาเขตนครสวรรค์
►หนังสือทั่วไป:l:General Books
บนชั้น
6. การศึกษาทั่วไป
การศึกษาทั่วไป
PE1127.M4 อ756ภ ฉ.6 
  Barcode: 22348
ห้องสมุดวิทยาเขตนครสวรรค์
►หนังสือทั่วไป:l:General Books
บนชั้น
7. การศึกษาทั่วไป
การศึกษาทั่วไป
PE1127.M4 อ756ภ ฉ.7 
  Barcode: 22349
ห้องสมุดวิทยาเขตนครสวรรค์
►หนังสือทั่วไป:l:General Books
บนชั้น

รายการใกล้เคียง
    ผู้แต่ง [อิศรางค์ นุชประยูร]

    หัวเรื่อง [ภาษาอังกฤษ การใช้ภาษา]
    หัวเรื่อง [ภาษาอังกฤษ คำศัพท์]
    หัวเรื่อง [การสื่อสารทางการแพทย์]

BibComment


ยังไม่เคยถูกคอมเมนท์

คอมเมนท์ทรัพยากรรายการนี้
  คอมเมนท์: ภาษาหมอ พูดอย่าง..


 Copyright 2026. Bcnsprnw @Library